00376nam a2200157Ia 450000500170000000800410001702000150005808200130007310000160008624500280010226000420013030000130017265000130018565000120019865000080021020250624033215.0240331s9999 xx 000 0 und d a9559263013 bDALa340 aDaluwatte,C 0aViwahaya ha dikkasadaya aColombobRuhunu Book Publishersc1994 a315 p ., amarriage aDivorce aLaw